000 01124nam2a2200229 4500
001 rc\2651914
005 20260315043122.0
035 _a(NLR Aleph) 006959376
090 _a13563500
_c13563500
100 _a20110610d1930 u y0rusy50 ca
101 0 _arus
102 _aRU
105 _aac z |||||
200 0 _aЧ. 1
210 _d1930
215 _a422 с., [2] с. объявл., [2] вкл. л. портр. и крас. схем.
_cил., черт., граф., портр., крас. схем.
461 0 _1001rc\2651913
_12000#$aОсновы фармакологии ...$eЧ. 1-2$fакад. Н.П. Кравков$gС предисл. акад. И.П. Павлова$vЧ. 1
_1700#1$aКравков$bН.П.$gНиколай Павлович$f1865-1924
_95327762
_aКравков, Н.П. (1865-1924)
_cМосква
_d1930-1931
_e13-е изд. перераб. проф. В. В. Савичем
_fакад. Н.П. Кравков
_nГос. изд-во
_oЧ. 1-2
_tОсновы фармакологии ...
_vЧ. 1
801 0 _aRU
_bNLR
_gpsbo
801 1 _aRU
_bELAR
_2rusmarc
852 _aNLR
_j30.19/754(1)
942 _cUNSPEC
980 _aNB